[Event "Rilton Winners Cup"]
[Site "Chess.com INT"]
[Date "2020.12.29"]
[Round "2.3"]
[White "Sasikiran, Krishnan"]
[Black "Yakovich, Yuri"]
[Result "0-1"]
[WhiteElo "2647"]
[BlackElo "2526"]
[PlyCount "58"]
[EventDate "2020.12.27"]
[EventType "k.o. (rapid)"]
[EventRounds "4"]
[EventCountry "SWE"]
[SourceTitle "CBM 200 Extra"]
[Source "ChessBase"]
[SourceDate "2021.03.31"]
[SourceVersion "1"]
[SourceVersionDate "2021.03.31"]
[SourceQuality "1"]

1. e4 c5 2. Nf3 d6 3. d4 cxd4 4. Nxd4 Nf6 5. Nc3 g6 6. h3 Bg7 7. Bc4 0-0 8. Nf3 Nbd7 9. 0-0 b6 10. Qe2 Bb7 11. Rd1 Rc8 12. Bb3 Rxc3 13. bxc3 Nxe4 14. Bb2 Nxc3 15. Bxc3 Bxc3 16. Rab1 Nc5 17. Qe3 Bf6 18. Nh2 e6 19. c4 Qc7 20. Bc2 Bg7 21. Rd2 d5 22. cxd5 Bxd5 23. Nf3 Bxa2 24. Bxg6 Bxb1 25. Bxb1 h6 26. g4 Rd8 27. g5 Rxd2 28. Qxd2 hxg5 29. Qxg5 Qd7 0-1

[Event "Titled Tuesday intern op 23rd June"]
[Site "Chess.com INT"]
[Date "2020.06.23"]
[Round "4"]
[White "Mehdi, Hasan Parag"]
[Black "Yakovich, Yuri"]
[Result "0-1"]
[WhiteElo "2180"]
[BlackElo "2526"]
[PlyCount "50"]
[EventDate "2020.06.23"]
[EventType "swiss (blitz)"]
[EventRounds "10"]
[EventCountry "USA"]
[SourceTitle "CBM 197 Extra"]
[Source "ChessBase"]
[SourceDate "2020.09.30"]
[SourceVersion "1"]
[SourceVersionDate "2020.09.30"]
[SourceQuality "1"]

1. e4 c5 2. Nf3 e6 3. d4 cxd4 4. Nxd4 a6 5. Bd3 Nf6 6. 0-0 d6 7. c4 g6 8. Nc3 Bg7 9. Nf3 0-0 10. Bf4 Ng4 11. h3 Ne5 12. Nxe5 dxe5 13. Be3 Nc6 14. Ne2 Bd7 15. c5 Qe7 16. Rc1 Rfd8 17. Qb3 Rab8 18. f4 exf4 19. Bxf4 Ne5 20. Bb1 Bb5 21. Qe3 Rd7 22. Rfd1 Rbd8 23. Rxd7 Rxd7 24. Nd4 Rxd4 25. Qxd4 Nf3+ 0-1

[Event "Titled Tuesday intern op 23rd June"]
[Site "Chess.com INT"]
[Date "2020.06.23"]
[Round "5"]
[White "Papp, Levente"]
[Black "Yakovich, Yuri"]
[Result "1-0"]
[WhiteElo "2361"]
[BlackElo "2526"]
[PlyCount "91"]
[EventDate "2020.06.23"]
[EventType "swiss (blitz)"]
[EventRounds "10"]
[EventCountry "USA"]
[SourceTitle "CBM 197 Extra"]
[Source "ChessBase"]
[SourceDate "2020.09.30"]
[SourceVersion "1"]
[SourceVersionDate "2020.09.30"]
[SourceQuality "1"]

1. c4 e6 2. Nf3 d5 3. g3 dxc4 4. Na3 a6 5. Nxc4 b5 6. Ne3 Bb7 7. Bg2 Nf6 8. 0-0 Nbd7 9. b3 c5 10. Bb2 Be7 11. Qc2 0-0 12. Rad1 Rc8 13. Qb1 Qb6 14. Qa1 Rfd8 15. h3 Bf8 16. d3 Nd5 17. Ng4 Nb4 18. Qb1 Nc6 19. Ba1 f6 20. d4 Nxd4 21. Nxd4 Bxg2 22. Nxe6 Bxf1 23. Nxf8 Nxf8 24. Kxf1 Qc6 25. f3 c4 26. bxc4 Qxc4 27. Rxd8 Rxd8 28. Ne3 Qc5 29. Qb3+ Kh8 30. Bb2 Qc6 31. Qf7 Qd7 32. Qb3 Qe6 33. Qc3 Re8 34. Ng2 Qxe2+ 35. Kg1 Ng6 36. Qc6 Qe6 37. Qc3 Ne5 38. Nf4 Qc6 39. Qxc6 Nxc6 40. Ba3 b4 41. Bb2 a5 42. Kf2 a4 43. Nd3 a3 44. Bc1 Rc8 45. Ke3 Ne5 46. Bd2 1-0

[Event "Titled Tuesday intern op 16th June"]
[Site "Chess.com INT"]
[Date "2020.06.16"]
[Round "6"]
[White "Yakovich, Yuri"]
[Black "Turgut, Tansel"]
[Result "1-0"]
[WhiteElo "2526"]
[BlackElo "2211"]
[PlyCount "73"]
[EventDate "2020.06.16"]
[EventType "swiss (blitz)"]
[EventRounds "10"]
[EventCountry "USA"]
[SourceTitle "EXT 2021"]
[Source "ChessBase"]
[SourceDate "2020.10.23"]
[SourceVersion "1"]
[SourceVersionDate "2020.10.23"]
[SourceQuality "1"]

1. d4 d5 2. c4 e6 3. Nc3 Nf6 4. cxd5 exd5 5. Bg5 c6 6. e3 Be7 7. Bd3 Nbd7 8. Nge2 h6 9. Bh4 Nh5 10. Bxe7 Qxe7 11. 0-0 0-0 12. Qd2 Nb6 13. Rae1 Bd7 14. f3 f5 15. Nc1 Rae8 16. b3 Nc8 17. Bb1 Nd6 18. Nd3 Nf7 19. f4 Nf6 20. Ne5 Nxe5 21. dxe5 Ne4 22. Bxe4 fxe4 23. Qd4 b6 24. b4 Be6 25. Rc1 c5 26. bxc5 bxc5 27. Qa4 Rc8 28. Qa5 Rfd8 29. f5 Bf7 30. e6 Be8 31. Ne2 Qg5 32. Rf4 d4 33. Rxc5 dxe3 34. Rxc8 Rxc8 35. h4 Qh5 36. Qa6 Rc2 37. Ng3 1-0

[Event "EU-ch Online 2300+ Final"]
[Site "Chess.com INT"]
[Date "2020.05.30"]
[Round "1"]
[White "Yakovich, Yuri"]
[Black "Stefanova, Antoaneta"]
[Result "0-1"]
[WhiteElo "2526"]
[BlackElo "2462"]
[PlyCount "76"]
[EventDate "2020.05.30"]
[EventType "swiss"]
[EventRounds "8"]
[EventCountry "NET"]
[SourceTitle "CBM 196 Extra"]
[Source "ChessBase"]
[SourceDate "2020.07.31"]
[SourceVersion "1"]
[SourceVersionDate "2020.07.31"]
[SourceQuality "1"]

1. d4 d5 2. c4 c6 3. Nc3 Nf6 4. e3 g6 5. Nf3 Bg7 6. Be2 0-0 7. 0-0 a6 8. Bd2 b5 9. cxd5 cxd5 10. Ne5 Bb7 11. Nd3 Nbd7 12. a4 bxa4 13. Nxa4 Ne4 14. Bb4 a5 15. Ba3 Re8 16. Ndc5 Ndxc5 17. Nxc5 Nxc5 18. Bxc5 e5 19. Qa4 exd4 20. Bxd4 Bxd4 21. Qxd4 Re4 22. Qd2 Qb6 23. Rac1 d4 24. exd4 Rxd4 25. Qe3 Rb4 26. Qxb6 Rxb6 27. Rc2 Be4 28. Rd2 Rab8 29. f3 Bf5 30. g4 Be6 31. Rb1 a4 32. Ra1 Rxb2 33. Rxb2 Rxb2 34. Kf1 Ra2 35. Rd1 a3 36. Rd8+ Kg7 37. Ra8 Ra1+ 38. Kf2 a2 0-1

[Event "Titled Tuesday intern op 12th May"]
[Site "Chess.com INT"]
[Date "2020.05.12"]
[Round "9"]
[White "Sihite, Chelsie Monica"]
[Black "Yakovich, Yuri"]
[Result "1-0"]
[WhiteElo "2252"]
[BlackElo "2526"]
[PlyCount "93"]
[EventDate "2020.05.12"]
[EventType "swiss (blitz)"]
[EventRounds "10"]
[EventCountry "USA"]
[SourceTitle "EXT 2021"]
[Source "ChessBase"]
[SourceDate "2020.10.23"]
[SourceVersion "1"]
[SourceVersionDate "2020.10.23"]
[SourceQuality "1"]

1. c4 e6 2. Nf3 d5 3. e3 Nf6 4. Nc3 c6 5. b3 Bd6 6. Be2 0-0 7. Bb2 e5 8. cxd5 cxd5 9. Nb5 Nc6 10. Nxd6 Qxd6 11. 0-0 Bg4 12. h3 Bh5 13. Rc1 Rac8 14. d3 Rfd8 15. Qd2 h6 16. Nh4 Bxe2 17. Qxe2 Qe6 18. f4 e4 19. f5 Qe7 20. dxe4 dxe4 21. Bxf6 Qxf6 22. Qg4 Re8 23. Qf4 Rcd8 24. Rc4 Ne5 25. Rxe4 Nd3 26. Rxe8+ Rxe8 27. Qg3 Qe5 28. Qxe5 Rxe5 29. Rd1 Rxe3 30. Nf3 Kf8 31. Kf1 Ke7 32. Rd2 Kf6 33. a4 Kxf5 34. Nd4+ Ke4 35. Nc2 Rg3 36. Re2+ Kd5 37. Re7 Nc5 38. b4 Nxa4 39. Rxb7 f5 40. Rxa7 Nc3 41. Ra5+ Ke4 42. Rc5 Kd3 43. Ne1+ Kd4 44. Nf3+ Kd3 45. b5 Ne4 46. Rxf5 Nd6 47. Rd5+ 1-0

[Event "Titled Tuesday intern op 5th May"]
[Site "Chess.com INT"]
[Date "2020.05.05"]
[Round "8"]
[White "Atanasov, Anthony"]
[Black "Yakovich, Yuri"]
[Result "1-0"]
[WhiteElo "2205"]
[BlackElo "2526"]
[PlyCount "47"]
[EventDate "2020.05.05"]
[EventType "swiss (blitz)"]
[EventRounds "10"]
[EventCountry "USA"]
[SourceTitle "EXT 2021"]
[Source "ChessBase"]
[SourceDate "2020.10.23"]
[SourceVersion "1"]
[SourceVersionDate "2020.10.23"]
[SourceQuality "1"]

1. d4 d5 2. Bf4 c5 3. e3 Nc6 4. Nf3 Nf6 5. Nbd2 Qb6 6. dxc5 Qxb2 7. Rb1 Qc3 8. Bb5 e6 9. 0-0 Be7 10. Ne5 Qxc5 11. c4 0-0 12. Nb3 Qb6 13. Bxc6 bxc6 14. Nd4 Qc5 15. Nexc6 Ba6 16. Nxe7+ Qxe7 17. Nc6 Qc5 18. Nd4 Bxc4 19. Re1 Ne4 20. Qg4 Qe7 21. Nc6 Qf6 22. f3 Nc3 23. Be5 Qg6 24. Ne7+ 1-0

[Event "Titled Tuesday intern op 5th May"]
[Site "Chess.com INT"]
[Date "2020.05.05"]
[Round "6"]
[White "Yakovich, Yuri"]
[Black "Di Nicolantonio, Lucas"]
[Result "0-1"]
[WhiteElo "2526"]
[BlackElo "2414"]
[PlyCount "106"]
[EventDate "2020.05.05"]
[EventType "swiss (blitz)"]
[EventRounds "10"]
[EventCountry "USA"]
[SourceTitle "EXT 2021"]
[Source "ChessBase"]
[SourceDate "2020.10.23"]
[SourceVersion "1"]
[SourceVersionDate "2020.10.23"]
[SourceQuality "1"]

1. d4 g6 2. e4 Bg7 3. Nc3 d6 4. Be3 a6 5. h4 h6 6. Qd2 b5 7. h5 g5 8. f4 gxf4 9. Bxf4 Bb7 10. 0-0-0 Nd7 11. Nf3 c5 12. dxc5 Nxc5 13. Qe1 Qa5 14. Kb1 Bxc3 15. Qxc3 Qxc3 16. bxc3 Nxe4 17. Re1 Ngf6 18. c4 e5 19. Bc1 Ng3 20. Rh3 Nxf1 21. Rxf1 Ke7 22. cxb5 axb5 23. Bb2 Bd5 24. a3 Be6 25. Rh4 Ra4 26. Rxa4 bxa4 27. Nxe5 dxe5 28. Bxe5 Ne4 29. Rxf7+ Bxf7 30. Bxh8 Nf6 31. Bg7 Ng4 32. Kb2 Bxh5 33. c4 Be8 34. Kc3 Bc6 35. g3 h5 36. Kd4 Kd7 37. Bf8 Nf6 38. Ke5 Ne4 39. Kf4 Nd2 40. Kg5 Bf3 41. Kf4 Bg4 42. c5 Nc4 43. c6+ Kxc6 44. Ke4 Nd6+ 45. Ke5 Nf5 46. Kf4 Kd5 47. Bb4 Kc4 48. Bf8 Nd4 49. Be7 Kb3 50. Ke3 Nc2+ 51. Kd2 Nxa3 52. Bd6 Nc4+ 53. Kd3 Nxd6 0-1

[Event "Titled Tuesday intern op 5th May"]
[Site "Chess.com INT"]
[Date "2020.05.05"]
[Round "5"]
[White "Yakovich, Yuri"]
[Black "Kepeshchuk, Mykhaylo"]
[Result "1-0"]
[WhiteElo "2526"]
[BlackElo "2269"]
[PlyCount "77"]
[EventDate "2020.05.05"]
[EventType "swiss (blitz)"]
[EventRounds "10"]
[EventCountry "USA"]
[SourceTitle "EXT 2021"]
[Source "ChessBase"]
[SourceDate "2020.10.23"]
[SourceVersion "1"]
[SourceVersionDate "2020.10.23"]
[SourceQuality "1"]

1. d4 Nf6 2. c4 c5 3. d5 b5 4. cxb5 a6 5. bxa6 Bxa6 6. Nc3 d6 7. Nf3 Nbd7 8. e4 Bxf1 9. Kxf1 g6 10. g3 Bg7 11. Kg2 0-0 12. a4 Ra6 13. Qc2 Qa8 14. Re1 Rb8 15. Ra3 Ne8 16. Nb5 Nb6 17. b3 Nd7 18. Nc3 Nc7 19. Bg5 Kf8 20. Nd2 Rb4 21. Nc4 Nb6 22. Nxb6 Raxb6 23. Bd2 Qb7 24. Rb1 Qa6 25. Na2 Rd4 26. Bc3 Qd3 27. Qxd3 Rxd3 28. Bxg7+ Kxg7 29. Kf1 Ra6 30. Ke2 Rd4 31. Nc3 Rb4 32. Ra2 Kf6 33. Rab2 e6 34. f3 exd5 35. exd5 Rab6 36. Na2 Rd4 37. b4 cxb4 38. Rxb4 Rbxb4 39. Nxb4 1-0

[Event "Titled Tuesday intern op 28th Apr"]
[Site "Chess.com INT"]
[Date "2020.04.28"]
[Round "5"]
[White "Biyiasas, Peter"]
[Black "Yakovich, Yuri"]
[Result "1-0"]
[WhiteElo "2450"]
[BlackElo "2526"]
[PlyCount "99"]
[EventDate "2020.04.28"]
[EventType "swiss (blitz)"]
[EventRounds "10"]
[EventCountry "USA"]
[SourceTitle "EXT 2021"]
[Source "ChessBase"]
[SourceDate "2020.10.23"]
[SourceVersion "1"]
[SourceVersionDate "2020.10.23"]
[SourceQuality "1"]

1. e4 c5 2. Nf3 e6 3. d4 cxd4 4. Nxd4 a6 5. Nc3 d6 6. a4 Nf6 7. Be2 Be7 8. Be3 0-0 9. a5 Nbd7 10. 0-0 Qc7 11. f3 b5 12. axb6 Nxb6 13. Qd2 Nc4 14. Bxc4 Qxc4 15. Na4 Rb8 16. b3 Qc7 17. Kh1 Bd7 18. Qc3 Rfc8 19. Qxc7 Rxc7 20. Rfc1 g6 21. Nb2 e5 22. Ne2 d5 23. exd5 Nxd5 24. Bd2 Bc8 25. Nc4 f6 26. Nc3 Nb4 27. Ne4 Bf5 28. Bxb4 Rxb4 29. Rxa6 Kg7 30. Nc3 Rd7 31. g4 Bxc2 32. Rxc2 Rxb3 33. Rb6 Rxb6 34. Nxb6 Rd3 35. Kg2 f5 36. gxf5 gxf5 37. Nbd5 Bg5 38. Kf2 e4 39. fxe4 fxe4 40. Nb4 Rh3 41. Kg2 Re3 42. Nbd5 Rd3 43. Nb4 Re3 44. Ncd5 Rb3 45. Re2 e3 46. Kf3 Kg6 47. Nc6 Rd3 48. Ne5+ Kf5 49. Nxd3 Ke6 50. Nxe3 1-0

[Event "Titled Tuesday intern op 28th Apr"]
[Site "Chess.com INT"]
[Date "2020.04.28"]
[Round "3"]
[White "David, Alexandru Vasile"]
[Black "Yakovich, Yuri"]
[Result "1-0"]
[WhiteElo "2428"]
[BlackElo "2526"]
[PlyCount "47"]
[EventDate "2020.04.28"]
[EventType "swiss (blitz)"]
[EventRounds "10"]
[EventCountry "USA"]
[SourceTitle "EXT 2021"]
[Source "ChessBase"]
[SourceDate "2020.10.23"]
[SourceVersion "1"]
[SourceVersionDate "2020.10.23"]
[SourceQuality "1"]

1. d4 d5 2. c4 e6 3. Nc3 c6 4. Nf3 Nf6 5. Bg5 dxc4 6. e4 b5 7. e5 h6 8. Bh4 g5 9. Nxg5 hxg5 10. Bxg5 Nbd7 11. exf6 Bb7 12. g3 Qb6 13. Bg2 0-0-0 14. 0-0 c5 15. d5 b4 16. Rb1 bxc3 17. bxc3 Qa6 18. Rxb7 Qxb7 19. dxe6 Qb6 20. e7 Re8 21. Qd5 Nb8 22. Qxf7 Bxe7 23. fxe7 Nc6 24. Qe6+ 1-0

[Event "Titled Tuesday intern op 28th Apr"]
[Site "Chess.com INT"]
[Date "2020.04.28"]
[Round "2"]
[White "Yakovich, Yuri"]
[Black "Halkias, Stelios"]
[Result "1-0"]
[WhiteElo "2526"]
[BlackElo "2563"]
[PlyCount "105"]
[EventDate "2020.04.28"]
[EventType "swiss (blitz)"]
[EventRounds "10"]
[EventCountry "USA"]
[SourceTitle "EXT 2021"]
[Source "ChessBase"]
[SourceDate "2020.10.23"]
[SourceVersion "1"]
[SourceVersionDate "2020.10.23"]
[SourceQuality "1"]

1. d4 Nf6 2. c4 e6 3. Nc3 Bb4 4. e3 0-0 5. Bd3 d5 6. cxd5 exd5 7. Nge2 c6 8. 0-0 Re8 9. f3 Nbd7 10. e4 dxe4 11. fxe4 Nf8 12. e5 Nd5 13. Ne4 Ng6 14. Bg5 Be7 15. Bxe7 Qxe7 16. Qc1 Be6 17. a3 Rad8 18. b4 h6 19. Kh1 Qh4 20. Nd6 Rf8 21. Qd2 Rxd6 22. exd6 Rd8 23. Bxg6 fxg6 24. Nf4 Nxf4 25. Qxf4 Qxf4 26. Rxf4 Rxd6 27. Re1 g5 28. Rfe4 Bc4 29. Kg1 Rf6 30. Re7 Rf7 31. Rxf7 Kxf7 32. Kf2 a6 33. Re5 Bd5 34. g3 b5 35. Ke3 Kf6 36. Re8 Kf7 37. Ra8 Ke6 38. Rxa6 Kf5 39. a4 bxa4 40. Rxa4 Kg4 41. Ra7 Kh3 42. Rxg7 Kxh2 43. Kf2 Kh3 44. Rh7 Kg4 45. Rxh6 Kf5 46. Ke3 Kg4 47. Rg6 Kf5 48. Rg7 Kf6 49. Rb7 Kf5 50. b5 cxb5 51. Rxb5 Ke6 52. Rxd5 Kxd5 53. Kd3 1-0

[Event "Titled Tuesday intern op 21st April"]
[Site "Chess.com INT"]
[Date "2020.04.21"]
[Round "8"]
[White "Yakovich, Yuri"]
[Black "Rychagov, Andrey"]
[Result "1/2-1/2"]
[WhiteElo "2526"]
[BlackElo "2545"]
[PlyCount "95"]
[EventDate "2020.04.21"]
[EventType "swiss (blitz)"]
[EventRounds "10"]
[EventCountry "USA"]
[SourceTitle "EXT 2021"]
[Source "ChessBase"]
[SourceDate "2020.10.23"]
[SourceVersion "1"]
[SourceVersionDate "2020.10.23"]
[SourceQuality "1"]

1. d4 d5 2. c4 e6 3. Nc3 Be7 4. cxd5 exd5 5. Bf4 c6 6. Qc2 Bd6 7. Bxd6 Qxd6 8. e3 Ne7 9. Bd3 b6 10. Nf3 Ba6 11. 0-0 Bxd3 12. Qxd3 Nd7 13. e4 0-0 14. Rfe1 dxe4 15. Nxe4 Qg6 16. Qa6 Rfe8 17. Nc3 Qd6 18. Re2 Nf8 19. Ne4 Qc7 20. Rae1 Ne6 21. Nc3 Rad8 22. Qc4 Qd7 23. g3 Kf8 24. Re4 Nd5 25. Ne5 Qd6 26. Qxc6 Nf6 27. R4e3 Nxd4 28. Qxd6+ Rxd6 29. Nc4 Rxe3 30. fxe3 Nf3+ 31. Kf2 Nxe1 32. Nxd6 Nd3+ 33. Ke2 Nxb2 34. Nc8 Nd7 35. Nxa7 Ke7 36. Nab5 Nc4 37. Kd3 Nce5+ 38. Ke4 Ng4 39. Nd5+ Kd8 40. h4 Nf2+ 41. Kf3 Nd3 42. Ke4 N3c5+ 43. Kd4 Ne6+ 44. Ke4 Ndc5+ 45. Kf3 Nd7 46. Ke4 Nec5+ 47. Kd4 Ne6+ 48. Ke4 1/2-1/2

[Event "EUR-chT Seniors 50"]
[Site "Mali Losinj"]
[Date "2019.09.18"]
[Round "1.1"]
[White "Yakovich, Yuri"]
[Black "Watzka, Horst"]
[Result "1-0"]
[WhiteElo "2518"]
[BlackElo "2187"]
[PlyCount "71"]
[EventDate "2019.09.18"]
[EventType "team-swiss"]
[EventRounds "9"]
[EventCountry "CRO"]
[SourceTitle "EXT 2020"]
[Source "ChessBase"]
[SourceDate "2019.10.17"]
[SourceVersion "1"]
[SourceVersionDate "2019.10.17"]
[SourceQuality "1"]
[WhiteTeam "Russia 50"]
[BlackTeam "Austria 50"]
[WhiteTeamCountry "RUS"]
[BlackTeamCountry "AUT"]

1. d4 Nf6 2. c4 e6 3. Nf3 Bb4+ 4. Nbd2 b6 5. a3 Bxd2+ 6. Qxd2 Bb7 7. e3 0-0 8. Be2 d6 9. 0-0 Nbd7 10. b4 Qe7 11. Bb2 Ne4 12. Qc2 f5 13. Rad1 Rae8 14. d5 e5 15. Nd2 Nxd2 16. Qxd2 Bc8 17. Rde1 Nf6 18. f3 Qf7 19. Bd3 Nh5 20. f4 exf4 21. exf4 Rxe1 22. Rxe1 Nf6 23. h3 Bd7 24. Bd4 Re8 25. Rxe8+ Nxe8 26. Qc2 Kf8 27. Kh2 h6 28. Kg1 a6 29. a4 Bc8 30. a5 bxa5 31. bxa5 Qd7 32. c5 dxc5 33. Bxc5+ Kg8 34. Qe2 Nf6 35. Qe6+ Qxe6 36. dxe6 1-0

[Event "Cheliabinsk Kurnosov Memorial rapid"]
[Site "Cheliabinsk"]
[Date "2018.09.09"]
[Round "11"]
[White "Lysyj, Igor"]
[Black "Yakovich, Yuri"]
[Result "1-0"]
[WhiteElo "2631"]
[BlackElo "2518"]
[PlyCount "99"]
[EventDate "2018.09.07"]
[EventType "swiss (rapid)"]
[EventRounds "11"]
[EventCountry "RUS"]
[SourceTitle "CBM 186 Extra"]
[Source "ChessBase"]
[SourceDate "2018.08.24"]
[SourceVersion "1"]
[SourceVersionDate "2018.08.24"]
[SourceQuality "1"]

1. d4 d5 2. c4 dxc4 3. e3 e6 4. Bxc4 c5 5. Nf3 Nf6 6. 0-0 Nc6 7. a3 cxd4 8. exd4 Be7 9. Nc3 0-0 10. Re1 b6 11. Bf4 Bb7 12. Ba2 Rc8 13. Qd3 Nd5 14. Nxd5 exd5 15. Rad1 Bf6 16. Ne5 g6 17. Qf3 Nxe5 18. dxe5 Bg7 19. Bxd5 Bxd5 20. Rxd5 Qe7 21. Bd2 Rfd8 22. Bc3 Rxd5 23. Qxd5 Rd8 24. Qc4 Qe6 25. Qc7 Qd7 26. Qxd7 Rxd7 27. g4 Bh6 28. Kg2 Kf8 29. h4 Ke8 30. e6 fxe6 31. Rxe6+ Kf7 32. Rf6+ Ke7 33. Rc6 Bf4 34. Kf3 Bd6 35. Ke4 Rd8 36. Be5 Bxe5 37. Kxe5 Rd7 38. f4 Kf7 39. b4 Re7+ 40. Kd5 Rd7+ 41. Rd6 Rc7 42. a4 Ke7 43. Rc6 Rd7+ 44. Ke5 Kf7 45. a5 bxa5 46. bxa5 Rb7 47. a6 Rb5+ 48. Kd6 Kf6 49. Kd7+ Kf7 50. Rc7 1-0

[Event "Cheliabinsk Kurnosov Memorial rapid"]
[Site "Cheliabinsk"]
[Date "2018.09.08"]
[Round "9"]
[White "Bocharov, Ivan"]
[Black "Yakovich, Yuri"]
[Result "1/2-1/2"]
[WhiteElo "2565"]
[BlackElo "2518"]
[PlyCount "87"]
[EventDate "2018.09.07"]
[EventType "swiss (rapid)"]
[EventRounds "11"]
[EventCountry "RUS"]
[SourceTitle "CBM 186 Extra"]
[Source "ChessBase"]
[SourceDate "2018.08.24"]
[SourceVersion "1"]
[SourceVersionDate "2018.08.24"]
[SourceQuality "1"]

1. e4 c5 2. Nf3 e6 3. d4 cxd4 4. Nxd4 a6 5. c4 Nf6 6. Nc3 Bb4 7. Qd3 d5 8. cxd5 exd5 9. e5 Ne4 10. Be2 Nc6 11. Nxc6 bxc6 12. 0-0 Bf5 13. Nxe4 Bxe4 14. Qg3 0-0 15. Bd3 Bxd3 16. Qxd3 Re8 17. Bf4 Qb6 18. Rac1 Rac8 19. Rc2 Qb5 20. Qh3 d4 21. Rd1 Rcd8 22. Qb3 Re6 23. Rc4 Be7 24. Qxb5 cxb5 25. Rcxd4 Rxd4 26. Rxd4 g5 27. Bd2 Rxe5 28. Kf1 h5 29. h3 Kh7 30. f4 gxf4 31. Bxf4 Re6 32. b3 Kg6 33. Rd5 Rc6 34. Ke2 Rc2+ 35. Rd2 Rxd2+ 36. Bxd2 Kf5 37. Kd3 Ke5 38. Be1 f5 39. Bg3+ Kd5 40. Bf4 Bc5 41. Be3 Bd6 42. Bd4 Bg3 43. Bc3 Bf4 44. Bb2 1/2-1/2

[Event "Cheliabinsk Kurnosov Memorial rapid"]
[Site "Cheliabinsk"]
[Date "2018.09.08"]
[Round "8"]
[White "Yakovich, Yuri"]
[Black "Demidov, Mikhail"]
[Result "1/2-1/2"]
[WhiteElo "2518"]
[BlackElo "2514"]
[PlyCount "78"]
[EventDate "2018.09.07"]
[EventType "swiss (rapid)"]
[EventRounds "11"]
[EventCountry "RUS"]
[SourceTitle "CBM 186 Extra"]
[Source "ChessBase"]
[SourceDate "2018.08.24"]
[SourceVersion "1"]
[SourceVersionDate "2018.08.24"]
[SourceQuality "1"]

1. d4 e6 2. c4 Bb4+ 3. Bd2 Qe7 4. Nc3 Nf6 5. Qc2 0-0 6. a3 Bxc3 7. Bxc3 d6 8. e3 Re8 9. Ne2 a5 10. Ng3 a4 11. Be2 e5 12. 0-0 exd4 13. exd4 d5 14. Rae1 Qd8 15. Bd3 Be6 16. c5 Nc6 17. Bb5 h5 18. h3 h4 19. Ne2 Ne4 20. Bd2 Bf5 21. Qc1 Qf6 22. Be3 Ra5 23. Bxc6 Qxc6 24. f3 Nf6 25. Bg5 b6 26. cxb6 Qxb6 27. Bxh4 Bd3 28. Qd2 Bxe2 29. Bxf6 Raa8 30. Rxe2 Rxe2 31. Qxe2 Qxf6 32. Qd2 Rb8 33. Rc1 c6 34. Rc3 g6 35. Kh1 Re8 36. Re3 Rb8 37. Re5 Kg7 38. f4 Qh4 39. Re2 Ra8 1/2-1/2